Educación, trabajadores y movimiento obrero /

Đã lưu trong:
Chi tiết về thư mục
Tác giả của công ty: Coloquio Educación, Trabajadores y Movimiento Obrero ( Universidad Autónoma de Sinaloa)
Tác giả khác: Ruz Aguilera, Omar (compilación) (compilación), Terán Olguín, Liberato (presentación) (presentación)
Định dạng: Hội nghị đang tiến hành Sách
Ngôn ngữ:Tiếng Tây Ban Nha
Được phát hành: Culiacán, México : Universidad Autónoma de Sinaloa, 1992
Loạt:(Encuentros UAS ; 1)
Những chủ đề:
Các nhãn: Thêm thẻ
Không có thẻ, Là người đầu tiên thẻ bản ghi này!

MARC

LEADER 00000nam^a2200000^a^4500
001 000395674
005 20250521000000.0
009 20260310121409.434
037 |a Acervo ITESO - Biblioteca 
041 |a ESP 
082 |a 370. 117  |b COL 1989 
111 |a Coloquio Educación, Trabajadores y Movimiento Obrero (  |d 1989 :  |c Universidad Autónoma de Sinaloa) 
245 1 0 |a Educación, trabajadores y movimiento obrero /  |c Comp. de O. Ruz Aguilera ; presen. de L. Terán Olguín. 
264 1 |a Culiacán, México :  |b Universidad Autónoma de Sinaloa,  |c 1992 
300 |a IV, 242 p. 
336 |a texto  |b txt  |2 rdacontenido 
337 |a sin mediación  |b n  |2 rdamedio 
338 |a volumen  |b nc  |2 rdasoporte 
440 1 |a (Encuentros UAS ;  |v 1) 
649 |a XX 
650 |a Profesores -  |x Condiciones Laborales 
650 |a Personal Escolar -  |x Condiciones Laborales 
650 |a Movimientos Obreros -  |z México -  |x Historia -  |y Siglo XX 
650 |a Movimientos Sociales -  |z México -  |x Historia -  |y Siglo XX 
650 |a Socialismo -  |z España -  |x Historia -  |y Alfonso XIII, 1886-1931 
650 |a Anarquismo -  |z España -  |x Historia -  |y Alfonso XIII, 1886-1931 
650 |a Educación y Promoción Popular -  |z Topolobampo, Sinaloa 
650 |a Educación y Promoción Popular -  |z Sinaloa 
650 |a Educación y Promoción Popular -  |z México 
650 |a Educación y Política -  |z Sinaloa 
650 |a Educación y Política -  |z México 
650 |a Educación Primaria -  |z Sinaloa -  |x Historia -  |y Porfirismo, 1876-1911 
650 |a Educación Primaria -  |z México -  |x Historia -  |y Porfirismo, 1876-1911 
650 |a Educación y Trabajo -  |x Tema Principal 
650 |a Educación -  |z México -  |x Historia -  |y Siglo XX 
700 |a Ruz Aguilera, Omar  |e (compilación) 
700 |a Terán Olguín, Liberato  |e (presentación) 
910 |a Fondo Carlos Núñez Hurtado 
920 |a Impresos - Libros 
930 |a Fondos Especiales 
905 |a 117 
901 |a 0500291175  |b IT2  |c ESP  |i D80317  |u 20250521 
902 |a https://opac.biblio.iteso.mx/vufind/Record/000395674